Projectar la ciutat metropolitana : obres, plans i projectes, 1981-1986 / Corporació Metropolitana de Barcelona. Direcció de Serveis d'Urbanisme obres, plans i projectes, 1981-1986 / Corporació Metropolitana de Barcelona. Direcció de Serveis d'Urbanisme
Descripción Física:
255 p. : il. col. ; 30 x 30 cm
MARC
| LEADER | 00000nam a2200000Ia 4500 | ||
|---|---|---|---|
| 001 | 9905 | ||
| 008 | 160829s1987 xx 000 0 cat d | ||
| 080 | |a FOL-1-136 | ||
| 100 | |a Corporació Metropolitana de Barcelona. Direcció de Serveis d'Urbanisme |9 20472 | ||
| 245 | |a Projectar la ciutat metropolitana : |b obres, plans i projectes, 1981-1986 / Corporació Metropolitana de Barcelona. Direcció de Serveis d'Urbanisme | ||
| 260 | |a Barcelona : |b Corporació Metropolitana de Barcelona. Servei de Publicacions, |c 1987 | ||
| 300 | |a 255 p. : |b il. col. ; |c 30 x 30 cm | ||
| 650 | 0 | |a Urbanisme |x Barcelona (Àrea metropolitana) |9 40125 | |
| 901 | |a Arxiu | ||
| 942 | |n 1 | ||
| 952 | |0 0 |1 0 |4 0 |6 FOL1136 |7 1 |9 41553 |a Arxiu |b Arxiu |d 2016-12-01 |l 0 |o FOL-1-136 |p 9905 |r 2016-12-01 00:00:00 |w 2016-12-01 |y ARXIU | ||
| 999 | |c 43443 |d 43443 | ||